| 000 | 00450nam a2200181Ia 4500 | ||
|---|---|---|---|
| 003 | OSt | ||
| 005 | 20140321085117.0 | ||
| 008 | 140130s9999 xx 000 0 und d | ||
| 020 | _a1578820456 | ||
| 050 |
_aLB 1139.35 _b.Se497 2000 |
||
| 100 | _aSevaly, Karen | ||
| 245 |
_cKaren Sevaly. _aMold and paint / |
||
| 260 |
_bScholastic, _c2000. _aNew York : |
||
| 300 |
_a48 p. : _bill. ; _c26 cm. |
||
| 440 | _v1 | ||
| 942 |
_cBK _2lcc |
||
| 999 |
_c42000 _d42000 |
||